000 00850nam a22002657a 4500
003 DO-SdBNP
005 20250203093855.0
007 ta
008 230515b2023 dr ||||| |||| 00| 0 spa d
020 _a9789945635669
040 _aDO-SdBNP
_bspa
_cBNPHU
_erda
082 4 _222
100 1 _aMerejo, Andrés
_9469
245 1 3 _aEl cibermundo global en la República Dominicana
_benredo gris de pospandemia, guerra y ciberguerra /
_cAndrés Merejo.
264 _aSanto Domingo :
_bSantuario,
_c2023.
300 _a112 páginas ;
_c24 cm.
336 _2rdacontent
_atexto
_btxt
337 _2rdamedia
_asin mediación
_bn
338 _2rdacarrier
_avolumen
_bnc
500 _aIncluye datos biográficos del autor en las solapas
504 _aBibliografía : p. 107-112
590 _aInventariado, 2023/BT
910 _aBtavárez
942 _2ddc
_cLBS1
999 _c53508
_d53508